[Event "Wroclaw Open"]
[Site "?"]
[Date "2017.08.16"]
[Round "6.7"]
[White "Piotrowski, Przemyslaw"]
[Black "Czachor, Grzegorz"]
[Result "1-0"]
[BlackElo "2108"]
[WhiteElo "2335"]
[LiveChessVersion "1.4.6"]

1. e4 {[%clk 1:31:22]} d6 {[%clk 1:28:04]} 2. d4 {[%clk 1:31:10]} g6
{[%clk 1:28:38]} 3. Nc3 {[%clk 1:30:15]} Bg7 4. Bc4 a6 {[%clk 1:28:52]} 5. a4
{[%clk 1:30:04]} Nf6 {[%clk 1:27:33]} 6. Qe2 {[%clk 1:30:27]} Bg4
{[%clk 1:06:44]} 7. f3 {[%clk 1:25:44]} Be6 {[%clk 1:07:02]} 8. Bxe6
{[%clk 1:24:19]} fxe6 {[%clk 1:07:25]} 9. Be3 {[%clk 1:19:48]} Nbd7
{[%clk 0:58:42]} 10. Nh3 {[%clk 1:16:04]} Qc8 {[%clk 0:57:34]} 11. Rd1
{[%clk 1:06:27]} c6 {[%clk 0:53:49]} 12. Nf4 {[%clk 1:01:00]} Kf7
{[%clk 0:53:04]} 13. h4 {[%clk 0:56:28]} h5 {[%clk 0:42:20]} 14. Nh3
{[%clk 0:54:48]} Nh7 {[%clk 0:38:09]} 15. g4 {[%clk 0:55:04]} c5 {[%clk 0:29:39]}
16. gxh5 {[%clk 0:44:41]} gxh5 {[%clk 0:30:00]} 17. f4 {[%clk 0:39:42]} Nhf8
{[%clk 0:28:23]} 18. e5 {[%clk 0:31:08]} cxd4 {[%clk 0:26:25]} 19. Bxd4
{[%clk 0:29:26]} dxe5 {[%clk 0:21:21]} 20. fxe5 {[%clk 0:29:41]} Qc7
{[%clk 0:20:26]} 21. Qf3+ {[%clk 0:15:55]} Ke8 {[%clk 0:20:14]} 22. Ng5
{[%clk 0:15:20]} Nxe5 {[%clk 0:18:15]} 23. Bxe5 {[%clk 0:15:39]} Qxe5+
{[%clk 0:18:34]} 24. Ne2 {[%clk 0:15:33]} Qa5+ {[%clk 0:08:27]} 25. b4
{[%clk 0:14:29]} Qxb4+ {[%clk 0:08:52]} 26. c3 {[%clk 0:14:53]} Bxc3+
{[%clk 0:09:20]} 27. Nxc3 {[%clk 0:15:15]} Nd7 {[%clk 0:08:54]} 28. Qf7+
{[%clk 0:10:49]} Kd8 {[%clk 0:09:21]} 29. Nxe6+ {[%clk 0:11:04]} Kc8
{[%clk 0:09:50]} 30. Qg7 {[%clk 0:10:51]} Re8 {[%clk 0:09:43]} 31. Qg3
{[%clk 0:07:13]} Qa5 {[%clk 0:10:05]} 32. Rd5 {[%clk 0:06:24]} Qb6
{[%clk 0:10:34]} 33. Qh3 {[%clk 0:05:54]} Nf6 {[%clk 0:10:02]} 34. Rc5+
{[%clk 0:02:12]} Kb8 {[%clk 0:10:10]} 35. a5 {[%clk 0:02:34]} Qd6
{[%clk 0:08:33]} 36. Rh2 {[%clk 0:00:43]} Ng4 {[%clk 0:03:37]} 37. Re2
{[%clk 0:01:12]} Rc8 {[%clk 0:01:53]} 38. Rxc8+ {[%clk 0:01:01]} Kxc8
{[%clk 0:02:22]} 39. Qf3 {[%clk 0:01:02]} Kb8 {[%clk 0:01:45]} 40. Qd5 Qb4
{[%clk 0:01:28]} 41. Qd4 {[%clk 0:01:01]} Qxa5 {[%clk 0:01:18]} 42. Nc5
{[%clk 0:00:35]} Qa1+ {[%clk 0:00:54]} 43. Kd2 {[%clk 0:01:04]} e5
{[%clk 0:00:46]} 44. Nd7+ {[%clk 0:01:17]} Kc8 {[%clk 0:00:53]} 45. Nb6+
{[%clk 0:01:36]} Kb8 {[%clk 0:01:16]} 46. Qd8+ {[%clk 0:01:34]} Ka7
{[%clk 0:01:43]} 47. Qxa8+ {[%clk 0:01:57]} Kxb6 {[%clk 0:02:06]} 48. Qd8+
{[%clk 0:01:54]} Ka7 {[%clk 0:02:21]} 49. Kc2 {[%clk 0:02:14]} Qf1
{[%clk 0:02:31]} 50. Kb3 {[%clk 0:02:22]} Qh3 {[%clk 0:01:09]} 51. Kb4
{[%clk 0:02:19]} a5+ {[%clk 0:00:39]} 52. Qxa5+ {[%clk 0:02:44]} Kb8
{[%clk 0:01:04]} 53. Qd8+ {[%clk 0:03:11]} Ka7 {[%clk 0:01:13]} 54. Ra2# 1-0

[Event "Wroclaw Open"]
[Site "?"]
[Date "2017.08.16"]
[Round "6.8"]
[White "Kucza, Karol"]
[Black "Motyl, Tomasz"]
[Result "1-0"]
[BlackElo "2027"]
[WhiteElo "2320"]
[LiveChessVersion "1.4.6"]

1. e4 {[%clk 1:30:54]} c6 {[%clk 1:30:55]} 2. d4 {[%clk 1:29:03]} d5
{[%clk 1:31:16]} 3. exd5 {[%clk 1:29:29]} cxd5 {[%clk 1:31:35]} 4. Bd3
{[%clk 1:29:57]} Nc6 {[%clk 1:31:55]} 5. c3 {[%clk 1:30:25]} Nf6 {[%clk 1:32:15]}
6. h3 {[%clk 1:28:25]} e5 {[%clk 1:31:40]} 7. dxe5 {[%clk 1:28:49]} Nxe5
{[%clk 1:32:01]} 8. Bb5+ {[%clk 1:29:14]} Nc6 {[%clk 1:25:36]} 9. Nf3
{[%clk 1:28:58]} Be7 {[%clk 1:25:59]} 10. O-O {[%clk 1:27:15]} O-O
{[%clk 1:26:02]} 11. Bg5 {[%clk 1:24:06]} h6 {[%clk 1:21:50]} 12. Bh4
{[%clk 1:24:03]} Qb6 {[%clk 1:16:28]} 13. Qe2 {[%clk 1:20:40]} Be6
{[%clk 1:14:35]} 14. Nbd2 {[%clk 1:12:58]} a6 {[%clk 1:11:09]} 15. Bxc6
{[%clk 1:13:22]} bxc6 {[%clk 1:11:12]} 16. Nd4 {[%clk 1:13:41]} c5
{[%clk 1:05:40]} 17. Nxe6 {[%clk 1:13:52]} Qxe6 {[%clk 1:05:30]} 18. Rfe1
{[%clk 1:07:15]} Qxe2 {[%clk 1:04:01]} 19. Rxe2 {[%clk 1:07:09]} Rfe8
{[%clk 1:02:21]} 20. Rae1 {[%clk 1:07:27]} Kf8 {[%clk 0:43:42]} 21. c4
{[%clk 0:44:32]} Rad8 {[%clk 0:26:38]} 22. cxd5 {[%clk 0:42:18]} Nxd5
{[%clk 0:24:44]} 23. Bxe7+ {[%clk 0:42:35]} Rxe7 {[%clk 0:24:56]} 24. Rxe7
{[%clk 0:43:00]} Nxe7 {[%clk 0:25:19]} 25. Ne4 {[%clk 0:43:26]} c4
{[%clk 0:23:29]} 26. Rc1 {[%clk 0:42:24]} f5 {[%clk 0:21:00]} 27. Nc5
{[%clk 0:42:35]} Rd2 {[%clk 0:18:37]} 28. Rxc4 {[%clk 0:40:56]} Rxb2
{[%clk 0:12:34]} 29. Ra4 {[%clk 0:41:19]} Nd5 {[%clk 0:11:49]} 30. Rxa6
{[%clk 0:40:34]} Nc3 {[%clk 0:11:31]} 31. Ra7 {[%clk 0:36:45]} Rxa2
{[%clk 0:10:07]} 32. Ne6+ {[%clk 0:37:07]} Kg8 {[%clk 0:10:13]} 33. Rxg7+
{[%clk 0:37:14]} Kh8 {[%clk 0:10:40]} 34. Rf7 {[%clk 0:30:25]} Ne2+
{[%clk 0:03:43]} 35. Kf1 {[%clk 0:27:07]} Ra6 {[%clk 0:03:39]} 36. Rf8+
{[%clk 0:24:25]} Kh7 {[%clk 0:04:02]} 37. Rf6 {[%clk 0:24:51]} Ra2
{[%clk 0:02:00]} 38. Rxf5 {[%clk 0:25:03]} Nc3 {[%clk 0:01:41]} 39. g4
{[%clk 0:24:26]} Ne4 {[%clk 0:01:38]} 40. Nc5 {[%clk 0:23:35]} Nd6
{[%clk 0:00:47]} 41. Rf6 {[%clk 0:23:33]} Nc4 {[%clk 0:00:57]} 42. Ne6
{[%clk 0:22:42]} Nd2+ {[%clk 0:00:40]} 43. Kg2 {[%clk 0:23:05]} Ne4
{[%clk 0:01:02]} 44. Rf4 {[%clk 0:23:18]} Nd6 {[%clk 0:01:06]} 45. h4
{[%clk 0:23:22]} Re2 {[%clk 0:01:01]} 46. Nd4 {[%clk 0:23:12]} Rd2
{[%clk 0:01:19]} 47. h5 {[%clk 0:23:00]} Rd3 {[%clk 0:01:19]} 48. Nf5
{[%clk 0:22:49]} Nf7 {[%clk 0:01:39]} 49. Ra4 {[%clk 0:22:16]} Rd7
{[%clk 0:01:41]} 50. Ra6 {[%clk 0:22:41]} Rc7 {[%clk 0:01:14]} 51. Kg3
{[%clk 0:22:37]} Rd7 {[%clk 0:01:28]} 52. f3 {[%clk 0:22:52]} Rc7
{[%clk 0:01:50]} 53. Rf6 {[%clk 0:22:24]} Ra7 {[%clk 0:01:55]} 54. Kf2
{[%clk 0:22:48]} Rd7 {[%clk 0:00:59]} 55. Kg3 {[%clk 0:22:09]} Ra7
{[%clk 0:01:19]} 56. Rg6 {[%clk 0:21:12]} Rd7 {[%clk 0:01:35]} 57. Kf2
{[%clk 0:19:05]} Ra7 {[%clk 0:01:57]} 58. Nd6 {[%clk 0:18:42]} Ng5
{[%clk 0:01:39]} 59. Ne8 {[%clk 0:18:00]} 1-0

[Event "Wroclaw Open"]
[Site "?"]
[Date "2017.08.16"]
[Round "6.9"]
[White "Kowalczyk, Pawel"]
[Black "Jankowiak, Piotr"]
[Result "1-0"]
[BlackElo "1774"]
[WhiteElo "2311"]
[LiveChessVersion "1.4.6"]

1. e4 {[%clk 1:30:59]} e5 {[%clk 1:30:47]} 2. Bc4 {[%clk 1:31:15]} Nc6
{[%clk 1:29:32]} 3. Nc3 {[%clk 1:31:36]} Nf6 {[%clk 1:27:43]} 4. d3
{[%clk 1:20:50]} Bb4 {[%clk 1:21:24]} 5. Nge2 {[%clk 1:21:12]} d5
{[%clk 1:20:35]} 6. exd5 {[%clk 1:21:40]} Nxd5 {[%clk 1:20:58]} 7. O-O
{[%clk 1:22:06]} Be6 {[%clk 1:14:58]} 8. Ne4 {[%clk 1:22:30]} h6 {[%clk 1:11:33]}
9. N2g3 {[%clk 1:21:51]} O-O {[%clk 1:07:34]} 10. a3 {[%clk 0:53:44]} Be7
{[%clk 1:07:19]} 11. b4 {[%clk 0:53:24]} f5 {[%clk 1:04:53]} 12. Nc5
{[%clk 0:53:43]} Bxc5 {[%clk 1:03:33]} 13. bxc5 {[%clk 0:52:22]} Qe7
{[%clk 0:57:32]} 14. Qh5 {[%clk 0:50:09]} Qf7 {[%clk 0:50:58]} 15. Rb1
{[%clk 0:47:14]} Rab8 {[%clk 0:49:01]} 16. Re1 {[%clk 0:45:37]} Nde7
{[%clk 0:37:42]} 17. Bb5 {[%clk 0:44:07]} Qf6 {[%clk 0:20:42]} 18. Bb2
{[%clk 0:43:26]} Nd4 {[%clk 0:20:24]} 19. Bxd4 {[%clk 0:43:43]} exd4
{[%clk 0:20:34]} 20. Qe2 {[%clk 0:44:11]} Ba2 {[%clk 0:19:00]} 21. Rb2
{[%clk 0:44:29]} Nd5 {[%clk 0:19:17]} 22. Rxa2 {[%clk 0:41:18]} Nc3
{[%clk 0:19:39]} 23. Bc4+ {[%clk 0:40:53]} Kh7 {[%clk 0:17:25]} 24. Qd2
{[%clk 0:40:25]} Nxa2 {[%clk 0:15:52]} 25. Bxa2 {[%clk 0:40:53]} Rbe8
{[%clk 0:14:59]} 26. Kf1 {[%clk 0:40:15]} Qh4 {[%clk 0:13:56]} 27. h3
{[%clk 0:39:13]} f4 {[%clk 0:12:44]} 28. Rxe8 {[%clk 0:39:31]} Rxe8
{[%clk 0:12:30]} 29. Ne4 {[%clk 0:36:36]} f3 {[%clk 0:12:30]} 30. Ng3
{[%clk 0:35:27]} Rf8 {[%clk 0:11:05]} 31. Bd5 {[%clk 0:32:25]} fxg2+
{[%clk 0:11:21]} 32. Kxg2 {[%clk 0:32:53]} c6 {[%clk 0:10:44]} 33. Be4+
{[%clk 0:33:21]} Kh8 {[%clk 0:10:57]} 34. Nf5 {[%clk 0:33:45]} Qf6
{[%clk 0:07:24]} 35. Qf4 {[%clk 0:34:10]} a5 {[%clk 0:06:01]} 36. Qg3
{[%clk 0:34:14]} a4 {[%clk 0:05:13]} 37. Nh4 {[%clk 0:33:36]} Kg8
{[%clk 0:04:51]} 38. Ng6 {[%clk 0:33:50]} Re8 {[%clk 0:05:17]} 39. f4
{[%clk 0:34:05]} Qd8 {[%clk 0:04:34]} 40. Qe1 {[%clk 0:30:58]} Qf6
{[%clk 0:04:48]} 41. Qh4 {[%clk 0:30:45]} Qf7 {[%clk 0:04:24]} 42. Qh5
{[%clk 0:29:51]} Qa2 {[%clk 0:04:08]} 43. Ne5 {[%clk 0:30:09]} Qe6
{[%clk 0:01:04]} 44. Ng4 {[%clk 0:29:27]} Ra8 {[%clk 0:01:04]} 45. Kg3
{[%clk 0:29:39]} Ra5 {[%clk 0:01:17]} 46. f5 {[%clk 0:29:30]} Qf7
{[%clk 0:00:48]} 47. Qh4 {[%clk 0:28:48]} Rxc5 {[%clk 0:01:17]} 48. Qd8+
{[%clk 0:28:11]} Qf8 {[%clk 0:01:46]} 49. Qxd4 {[%clk 0:28:29]} Rxc2
{[%clk 0:01:40]} 50. f6 {[%clk 0:28:31]} h5 {[%clk 0:01:08]} 51. f7+
{[%clk 0:21:12]} Qxf7 {[%clk 0:00:54]} 52. Qd8+ {[%clk 0:21:33]} Qf8
{[%clk 0:01:23]} 53. Bh7+ {[%clk 0:21:56]} Kf7 {[%clk 0:01:48]} 54. Ne5+
{[%clk 0:22:21]} 1-0

[Event "Wroclaw Open"]
[Site "?"]
[Date "2017.08.16"]
[Round "6.10"]
[White "Gierulski, Kamil"]
[Black "Marko, Piotr"]
[Result "1-0"]
[BlackElo "1794"]
[WhiteElo "2210"]
[LiveChessVersion "1.4.6"]

1. e4 {[%clk 1:30:58]} e5 {[%clk 1:30:51]} 2. Nf3 {[%clk 1:31:24]} Nc6
{[%clk 1:31:06]} 3. Bc4 {[%clk 1:31:50]} Nf6 {[%clk 1:31:18]} 4. d3
{[%clk 1:32:15]} Be7 {[%clk 1:31:41]} 5. O-O {[%clk 1:32:38]} O-O
{[%clk 1:32:03]} 6. Re1 {[%clk 1:33:03]} d6 {[%clk 1:32:10]} 7. a4
{[%clk 1:33:28]} Na5 {[%clk 1:14:43]} 8. Ba2 {[%clk 1:33:51]} c5 {[%clk 1:14:57]}
9. c3 {[%clk 1:33:56]} Nc6 {[%clk 1:14:19]} 10. Na3 {[%clk 1:30:30]} a6
{[%clk 1:13:17]} 11. Nc4 {[%clk 1:23:23]} b5 {[%clk 1:09:05]} 12. Ne3
{[%clk 1:22:33]} bxa4 {[%clk 1:04:31]} 13. Qxa4 {[%clk 1:20:56]} Bd7
{[%clk 1:02:23]} 14. Qc2 {[%clk 1:20:40]} a5 {[%clk 1:00:33]} 15. Nd5
{[%clk 1:13:56]} Nxd5 {[%clk 0:51:46]} 16. Bxd5 {[%clk 1:14:24]} Kh8
{[%clk 0:36:47]} 17. Be3 {[%clk 1:10:54]} Rb8 {[%clk 0:31:16]} 18. Nd2
{[%clk 1:09:48]} Qc7 {[%clk 0:27:03]} 19. Nc4 {[%clk 1:06:51]} Ra8
{[%clk 0:21:53]} 20. f4 {[%clk 1:05:00]} exf4 {[%clk 0:15:55]} 21. Bxf4
{[%clk 1:05:21]} f5 {[%clk 0:15:45]} 22. Qd2 {[%clk 1:01:39]} Ra7
{[%clk 0:09:47]} 23. exf5 {[%clk 0:56:21]} Rxf5 {[%clk 0:07:56]} 24. Bxc6
{[%clk 0:48:04]} Bxc6 {[%clk 0:08:11]} 25. Rxa5 {[%clk 0:48:24]} Rxa5
{[%clk 0:07:15]} 26. Nxa5 {[%clk 0:48:53]} Bh4 {[%clk 0:06:46]} 27. Ra1
{[%clk 0:47:41]} Bd5 {[%clk 0:01:37]} 28. Nc4 {[%clk 0:47:41]} Be7
{[%clk 0:00:48]} 29. Ne3 {[%clk 0:47:52]} Rh5 {[%clk 0:00:33]} 30. Nxd5
{[%clk 0:47:26]} Rxd5 {[%clk 0:00:55]} 31. Ra8+ {[%clk 0:47:53]} Bd8
{[%clk 0:01:20]} 32. Bg5 {[%clk 0:48:11]} 1-0

[Event "Wroclaw Open"]
[Site "?"]
[Date "2017.08.16"]
[Round "6.11"]
[White "Dziodzio, Angelika"]
[Black "Krzyzosiak, Anna"]
[Result "1-0"]
[BlackElo "1518"]
[WhiteElo "2126"]
[LiveChessVersion "1.4.6"]

1. c4 {[%clk 1:30:57]} c5 {[%clk 1:30:29]} 2. Nc3 {[%clk 1:31:16]} Nf6
{[%clk 1:30:10]} 3. g3 {[%clk 1:31:39]} d6 {[%clk 1:29:26]} 4. Bg2
{[%clk 1:32:02]} g6 {[%clk 1:29:22]} 5. e3 {[%clk 1:32:09]} Bg7 {[%clk 1:29:20]}
6. Nge2 {[%clk 1:32:18]} O-O {[%clk 1:28:56]} 7. O-O {[%clk 1:32:25]} Nbd7
{[%clk 1:28:13]} 8. d3 {[%clk 1:31:08]} Nb6 {[%clk 1:25:26]} 9. Qc2
{[%clk 1:24:44]} Qc7 {[%clk 1:24:14]} 10. a4 {[%clk 1:23:39]} Bf5
{[%clk 1:22:01]} 11. Nb5 {[%clk 1:22:53]} Qc8 {[%clk 1:20:28]} 12. a5
{[%clk 1:22:45]} Nbd7 {[%clk 1:19:42]} 13. e4 {[%clk 1:15:16]} Be6
{[%clk 1:18:02]} 14. Nf4 {[%clk 1:13:58]} a6 {[%clk 1:15:32]} 15. Nc3
{[%clk 1:12:50]} Ne5 {[%clk 1:15:32]} 16. Na4 {[%clk 1:11:37]} Qc7
{[%clk 1:13:28]} 17. Nb6 {[%clk 1:09:26]} Rad8 {[%clk 1:12:44]} 18. Bd2
{[%clk 1:07:23]} Nfd7 {[%clk 1:10:02]} 19. Nbd5 {[%clk 1:07:34]} Bxd5
{[%clk 1:09:38]} 20. Nxd5 {[%clk 1:07:58]} Qb8 {[%clk 1:09:39]} 21. Nxe7+
{[%clk 1:08:14]} Kh8 {[%clk 1:09:56]} 22. Bc3 {[%clk 1:07:04]} Rfe8
{[%clk 1:05:42]} 23. Nd5 {[%clk 1:06:27]} Nc6 {[%clk 1:05:35]} 24. f4
{[%clk 1:00:15]} Bd4+ {[%clk 1:04:20]} 25. Kh1 {[%clk 1:00:26]} Kg8
{[%clk 1:00:47]} 26. Bh3 {[%clk 0:59:36]} Nf8 {[%clk 0:58:19]} 27. Nf6+
{[%clk 0:56:56]} Bxf6 {[%clk 0:58:29]} 28. Bxf6 {[%clk 0:57:19]} Ne7
{[%clk 0:58:42]} 29. Qd2 {[%clk 0:57:15]} h6 {[%clk 0:55:20]} 30. f5
{[%clk 0:54:40]} Kh7 {[%clk 0:55:05]} 31. fxg6+ {[%clk 0:53:59]} fxg6
{[%clk 0:55:19]} 32. Qc3 {[%clk 0:52:49]} Nd7 {[%clk 0:55:07]} 33. Bxd7
{[%clk 0:52:11]} Rxd7 {[%clk 0:55:23]} 34. Rf4 {[%clk 0:49:07]} g5
{[%clk 0:54:12]} 35. Rf2 {[%clk 0:48:42]} Ng6 {[%clk 0:53:35]} 36. Raf1
{[%clk 0:48:09]} Rf8 {[%clk 0:50:50]} 37. b4 {[%clk 0:45:28]} Qe8
{[%clk 0:49:59]} 38. bxc5 {[%clk 0:43:59]} dxc5 {[%clk 0:50:21]} 39. Rf5
{[%clk 0:44:07]} Qc8 {[%clk 0:49:51]} 40. h4 {[%clk 0:33:36]} gxh4
{[%clk 0:49:26]} 41. gxh4 {[%clk 0:33:36]} Rg8 {[%clk 0:48:31]} 42. h5
{[%clk 0:33:23]} Nf8 {[%clk 0:48:14]} 43. Qe5 {[%clk 0:25:39]} Qc7
{[%clk 0:47:23]} 44. Qxc7 {[%clk 0:25:58]} Rxc7 {[%clk 0:47:45]} 45. Be5
{[%clk 0:26:22]} Re7 {[%clk 0:46:56]} 46. Rf7+ {[%clk 0:26:34]} Rxf7
{[%clk 0:47:13]} 47. Rxf7+ {[%clk 0:27:02]} Rg7 {[%clk 0:47:33]} 48. Rxg7+
{[%clk 0:27:25]} Kh8 {[%clk 0:47:56]} 49. Rxb7+ {[%clk 0:27:29]} 1-0

[Event "Wroclaw Open"]
[Site "?"]
[Date "2017.08.16"]
[Round "6.12"]
[White "Kawalko, Adam"]
[Black "Szczepaniak, Lukasz"]
[Result "0-1"]
[BlackElo "2163"]
[WhiteElo "1848"]
[LiveChessVersion "1.4.6"]

1. e4 {[%clk 1:30:58]} e5 {[%clk 1:30:54]} 2. Nf3 {[%clk 1:31:01]} Nc6
{[%clk 1:31:18]} 3. Bc4 {[%clk 1:31:16]} Bc5 {[%clk 1:31:40]} 4. c3
{[%clk 1:31:31]} Nf6 {[%clk 1:32:04]} 5. d4 {[%clk 1:31:29]} exd4
{[%clk 1:32:27]} 6. cxd4 {[%clk 1:31:54]} Bb4+ {[%clk 1:32:48]} 7. Bd2
{[%clk 1:32:04]} Bxd2+ {[%clk 1:32:15]} 8. Nbxd2 {[%clk 1:32:25]} d5
{[%clk 1:32:39]} 9. exd5 {[%clk 1:32:45]} Nxd5 {[%clk 1:33:01]} 10. O-O
{[%clk 1:33:05]} O-O {[%clk 1:33:24]} 11. Rc1 {[%clk 1:32:50]} Nce7
{[%clk 1:23:57]} 12. Re1 {[%clk 1:27:40]} c6 {[%clk 1:22:18]} 13. Ne4
{[%clk 1:24:09]} Ng6 {[%clk 1:14:27]} 14. Nc5 {[%clk 1:17:48]} Ngf4
{[%clk 0:57:59]} 15. Qb3 {[%clk 1:11:05]} Qf6 {[%clk 0:50:51]} 16. Ne5
{[%clk 1:05:07]} Qg5 {[%clk 0:36:14]} 17. Qg3 {[%clk 1:00:43]} Qh6
{[%clk 0:31:44]} 18. Ncd3 {[%clk 0:49:06]} Bf5 {[%clk 0:25:47]} 19. Nxf4
{[%clk 0:47:06]} Nxf4 {[%clk 0:25:35]} 20. Rc3 {[%clk 0:41:32]} Be6
{[%clk 0:22:40]} 21. Rce3 {[%clk 0:34:33]} Bxc4 {[%clk 0:19:15]} 22. Nxc4
{[%clk 0:34:53]} Rad8 {[%clk 0:19:22]} 23. Re4 {[%clk 0:29:09]} Ne6
{[%clk 0:18:22]} 24. Qb3 {[%clk 0:28:20]} b5 {[%clk 0:12:10]} 25. Ne5
{[%clk 0:25:26]} Nxd4 {[%clk 0:11:47]} 26. Qc3 {[%clk 0:08:25]} Qd6
{[%clk 0:09:01]} 27. Nf3 {[%clk 0:07:51]} Nxf3+ {[%clk 0:08:14]} 28. Qxf3
{[%clk 0:08:03]} Qd5 {[%clk 0:07:49]} 29. Qa3 {[%clk 0:08:24]} Qxe4
{[%clk 0:07:35]} 0-1

[Event "Wroclaw Open"]
[Site "?"]
[Date "2017.08.16"]
[Round "6.13"]
[White "Kanicki, Krzysztof"]
[Black "Borowski, Przemyslaw"]
[Result "1-0"]
[BlackElo "1759"]
[WhiteElo "2098"]
[LiveChessVersion "1.4.6"]

1. e4 {[%clk 1:30:58]} c5 {[%clk 1:30:55]} 2. Nf3 {[%clk 1:31:22]} a6
{[%clk 1:31:20]} 3. c3 {[%clk 1:31:09]} d5 {[%clk 1:31:03]} 4. exd5
{[%clk 1:31:09]} Qxd5 {[%clk 1:29:38]} 5. d4 {[%clk 1:31:31]} Bg4
{[%clk 1:24:56]} 6. Be2 {[%clk 1:30:18]} e6 {[%clk 1:19:17]} 7. Be3
{[%clk 1:29:31]} Nd7 {[%clk 1:13:13]} 8. O-O {[%clk 1:10:28]} Be7
{[%clk 1:06:20]} 9. c4 {[%clk 1:06:05]} Qd6 {[%clk 1:01:57]} 10. Nc3
{[%clk 1:03:28]} Ngf6 {[%clk 1:00:29]} 11. dxc5 {[%clk 0:55:25]} Qxd1
{[%clk 0:57:41]} 12. Rfxd1 {[%clk 0:55:34]} Bxc5 {[%clk 0:52:44]} 13. Bxc5
{[%clk 0:55:37]} Nxc5 {[%clk 0:52:38]} 14. b4 {[%clk 0:43:39]} Nce4
{[%clk 0:43:17]} 15. Nxe4 {[%clk 0:39:01]} Nxe4 {[%clk 0:43:41]} 16. Rd4
{[%clk 0:38:25]} f5 {[%clk 0:40:38]} 17. h3 {[%clk 0:19:09]} Nc3 {[%clk 0:36:14]}
18. Kf1 {[%clk 0:16:24]} e5 {[%clk 0:20:01]} 19. Rd6 {[%clk 0:14:58]} Bxf3
{[%clk 0:15:34]} 20. Bxf3 {[%clk 0:15:16]} e4 {[%clk 0:14:44]} 21. Bd1
{[%clk 0:13:05]} Ke7 {[%clk 0:09:30]} 22. Rb6 {[%clk 0:12:30]} Rhd8
{[%clk 0:09:29]} 23. Rxb7+ {[%clk 0:12:38]} Kf6 {[%clk 0:09:33]} 24. Bb3
{[%clk 0:12:09]} Rd2 {[%clk 0:07:14]} 25. c5 {[%clk 0:10:07]} f4 {[%clk 0:05:08]}
26. Rf7+ {[%clk 0:05:21]} Ke5 {[%clk 0:05:13]} 27. Re7+ {[%clk 0:05:23]} Kf6
{[%clk 0:04:52]} 28. Rf7+ {[%clk 0:05:40]} Ke5 {[%clk 0:05:09]} 29. Rxg7
{[%clk 0:04:35]} Rad8 {[%clk 0:03:59]} 30. c6 {[%clk 0:02:41]} e3
{[%clk 0:04:02]} 31. fxe3 {[%clk 0:02:32]} fxe3 {[%clk 0:04:18]} 32. Re1
{[%clk 0:02:45]} Rf8+ {[%clk 0:02:05]} 33. Kg1 {[%clk 0:03:09]} e2
{[%clk 0:01:17]} 34. c7 {[%clk 0:02:48]} Kd6 {[%clk 0:01:18]} 35. Rxh7
{[%clk 0:00:35]} Re8 {[%clk 0:01:17]} 36. Rh6+ {[%clk 0:00:34]} Kxc7
{[%clk 0:01:03]} 37. Rxa6 {[%clk 0:01:03]} Nd1 {[%clk 0:00:40]} 38. Re6
{[%clk 0:01:03]} Rxe6 {[%clk 0:00:49]} 39. Bxe6 {[%clk 0:01:32]} Kd6 40. Bc4
{[%clk 0:00:51]} Nc3 {[%clk 0:00:48]} 41. Kf2 {[%clk 0:00:44]} Ne4+
{[%clk 0:00:35]} 42. Ke3 {[%clk 0:00:51]} Kd5 43. Kxe4+ 1-0

[Event "Wroclaw Open"]
[Site "?"]
[Date "2017.08.16"]
[Round "6.14"]
[White "Galant, Ireneusz"]
[Black "Kanarkiewicz, Michal"]
[Result "0-1"]
[BlackElo "2034"]
[WhiteElo "1739"]
[LiveChessVersion "1.4.6"]

1. e4 {[%clk 1:29:37]} c5 {[%clk 1:28:28]} 2. Nf3 {[%clk 1:27:29]} a6
{[%clk 1:27:40]} 3. a4 {[%clk 1:23:49]} d6 {[%clk 1:27:56]} 4. h3
{[%clk 1:23:21]} Nf6 {[%clk 1:28:08]} 5. Nc3 {[%clk 1:23:35]} e6 {[%clk 1:27:40]}
6. d3 {[%clk 1:19:28]} Nc6 {[%clk 1:26:34]} 7. Bg5 {[%clk 1:18:25]} Be7
{[%clk 1:27:02]} 8. Be2 {[%clk 1:18:09]} O-O {[%clk 1:27:25]} 9. Qd2
{[%clk 1:17:30]} Bd7 {[%clk 1:27:52]} 10. g4 {[%clk 1:15:23]} Nd4
{[%clk 1:24:40]} 11. Bf4 {[%clk 1:01:50]} Bc6 {[%clk 1:09:31]} 12. a5
{[%clk 0:49:19]} b5 {[%clk 0:59:26]} 13. axb6 {[%clk 0:47:32]} Qxb6
{[%clk 0:59:49]} 14. b3 {[%clk 0:47:47]} d5 {[%clk 0:48:15]} 15. e5
{[%clk 0:36:18]} Nd7 {[%clk 0:43:35]} 16. Na4 {[%clk 0:14:45]} Qc7
{[%clk 0:41:46]} 17. Nxd4 {[%clk 0:12:04]} cxd4 {[%clk 0:40:58]} 18. Bh2
{[%clk 0:11:44]} Nxe5 {[%clk 0:36:24]} 19. f4 {[%clk 0:07:51]} Nd7
{[%clk 0:33:53]} 20. O-O {[%clk 0:08:08]} Bd6 {[%clk 0:33:48]} 21. Rf2
{[%clk 0:06:29]} Rfc8 {[%clk 0:28:38]} 22. Nb2 {[%clk 0:05:16]} Bb5
{[%clk 0:24:54]} 23. Bf3 {[%clk 0:04:53]} Qc3 {[%clk 0:25:01]} 24. Qc1
{[%clk 0:05:04]} a5 {[%clk 0:19:14]} 25. Nd1 {[%clk 0:04:45]} Qe1+
{[%clk 0:16:58]} 26. Rf1 {[%clk 0:03:57]} Qb4 {[%clk 0:17:26]} 27. Nf2
{[%clk 0:03:08]} a4 {[%clk 0:17:27]} 28. bxa4 {[%clk 0:03:11]} Rxa4
{[%clk 0:16:54]} 29. Rb1 {[%clk 0:03:10]} Qc5 {[%clk 0:16:49]} 30. Bd1
{[%clk 0:02:58]} Rb4 {[%clk 0:15:31]} 31. Ra1 {[%clk 0:03:19]} Qc3
{[%clk 0:14:15]} 32. Rb1 {[%clk 0:02:45]} Ba4 {[%clk 0:11:55]} 33. Rxb4
{[%clk 0:02:57]} Bxb4 {[%clk 0:12:23]} 34. Qb1 {[%clk 0:02:58]} Bd6
{[%clk 0:11:59]} 35. Qb7 {[%clk 0:03:05]} Qc7 {[%clk 0:12:14]} 36. Qa6
{[%clk 0:02:52]} Nc5 {[%clk 0:11:41]} 37. Qxc8+ {[%clk 0:02:35]} Qxc8
{[%clk 0:12:09]} 38. g5 {[%clk 0:02:45]} Nd7 {[%clk 0:10:49]} 39. Ng4
{[%clk 0:03:06]} Bxc2 {[%clk 0:10:16]} 40. Be2 {[%clk 0:03:35]} Qc3
{[%clk 0:10:02]} 41. Rf3 {[%clk 0:04:03]} Nc5 {[%clk 0:09:19]} 42. Bf1
{[%clk 0:04:17]} Nb3 {[%clk 0:08:48]} 43. Bg3 {[%clk 0:04:21]} Nd2
{[%clk 0:08:50]} 44. Rf2 {[%clk 0:04:38]} Nxf1 {[%clk 0:08:44]} 45. Rxf1
{[%clk 0:04:56]} Bxd3 {[%clk 0:08:55]} 46. Rf3 {[%clk 0:05:17]} Qc1+
{[%clk 0:08:41]} 47. Kg2 {[%clk 0:05:34]} Be4 {[%clk 0:09:04]} 0-1

[Event "Wroclaw Open"]
[Site "?"]
[Date "2017.08.16"]
[Round "6.15"]
[White "Widla, Piotr"]
[Black "Van Der Heide, Gerben"]
[Result "1/2-1/2"]
[BlackElo "1908"]
[WhiteElo "2029"]
[LiveChessVersion "1.4.6"]

1. e4 {[%clk 1:30:58]} d6 {[%clk 1:30:52]} 2. d4 {[%clk 1:31:16]} Nf6
{[%clk 1:31:16]} 3. Nc3 {[%clk 1:31:35]} g6 {[%clk 1:31:40]} 4. f4
{[%clk 1:31:54]} Bg7 {[%clk 1:32:02]} 5. Nf3 {[%clk 1:32:06]} c5 {[%clk 1:32:06]}
6. d5 {[%clk 1:31:37]} O-O {[%clk 1:28:05]} 7. Bc4 {[%clk 1:31:06]} b5
{[%clk 1:26:34]} 8. Nxb5 {[%clk 1:01:19]} Nxe4 {[%clk 1:26:20]} 9. O-O
{[%clk 1:01:41]} a6 {[%clk 1:24:39]} 10. Na3 {[%clk 1:01:42]} Bg4
{[%clk 1:20:17]} 11. c3 {[%clk 0:55:58]} f5 {[%clk 1:09:22]} 12. Qe1
{[%clk 0:50:43]} Bxf3 {[%clk 1:08:07]} 13. gxf3 {[%clk 0:48:30]} Nf6
{[%clk 1:07:59]} 14. Qe6+ {[%clk 0:45:10]} Rf7 {[%clk 1:04:24]} 15. Qe2
{[%clk 0:43:41]} Qc8 {[%clk 0:58:39]} 16. Bb3 {[%clk 0:36:40]} Nbd7
{[%clk 0:55:03]} 17. Nc4 {[%clk 0:36:39]} Nh5 {[%clk 0:43:04]} 1/2-1/2